3 największe miasta w województwie dolnośląskim zawierające literę - Statystyki

Ogólne statystyki
  • Ten quiz został rozwiązany 67 razy
    7 od ostatniego zresetowania
  • Średni wynik to 68 z 88
Statystyki odpowiedzi
Litera Odpowiedź % Poprawnych
Bolesławiec
100%
Bolesławiec
100%
Bolesławiec
100%
S Bolesławiec
100%
Głogów
100%
Głogów
100%
Głogów
100%
Głogów
100%
Głogów
100%
Jelenia Góra
100%
Jelenia Góra
100%
Jelenia Góra
100%
J Jelenia Góra
100%
Jelenia Góra
100%
Jelenia Góra
100%
Ó Jelenia Góra
100%
Jelenia Góra
100%
Legnica
100%
Legnica
100%
E Legnica
100%
G Legnica
100%
I Legnica
100%
L Legnica
100%
N Legnica
100%
Lubin
100%
Lubin
100%
Lubin
100%
Lubin
100%
U Lubin
100%
D Świdnica
100%
Ś Świdnica
100%
Wałbrzych
100%
B Wałbrzych
100%
Wałbrzych
100%
H Wałbrzych
100%
Wałbrzych
100%
Wałbrzych
100%
Wałbrzych
100%
Y Wałbrzych
100%
Z Wałbrzych
100%
A Wrocław
100%
C Wrocław
100%
Ł Wrocław
100%
O Wrocław
100%
R Wrocław
100%
W Wrocław
100%
Kłodzko
86%
K Kłodzko
86%
Polkowice
86%
P Polkowice
86%
Środa Śląska
86%
Zgorzelec
86%
Złotoryja
86%
Złotoryja
86%
Dzierżoniów
71%
Dzierżoniów
71%
Dzierżoniów
71%
Ż Dzierżoniów
71%
Jawor
71%
Ą Ząbkowice Śląskie
71%
T Bogatynia
57%
Bogatynia
57%
Chojnów
57%
F Gryfów Śląski
57%
Kamienna Góra
57%
M Kamienna Góra
57%
Ń Lubań
57%
Lubań
57%
Milicz
57%
Nowa Ruda
57%
Oleśnica
57%
Szklarska Poręba
57%
Żmigród
57%
Jelcz-Laskowice
43%
Jelcz-Laskowice
43%
Oborniki Śląskie
29%
Pieńsk
29%
Pieszyce
29%
Strzegom
29%
Strzegom
29%
Strzegom
29%
Wleń
29%
Ę Ziębice
29%
Piława Górna
14%
Siechnice
14%
Świebodzice
14%
Węgliniec
14%
Żarów
14%
Nie znaleziono quizów pasujących do podanych kryteriów
Rozkład punktacji
Procent ludzi z każdym wynikiem
Percentyl według liczby udzielonych odpowiedzi
Twoja historia wyników
Nie rozwiązałeś tego quizu od ostatniego zresetowania